Đi vào nghiên cứu khoa học

Zapisane w:
Opis bibliograficzny
1. autor:  Nguyễn, Văn Tuấn
Format: Sách
Język:Undetermined
Wydane:  Tổng hợp TP. Hồ Chí Minh  2019
Hasła przedmiotowe:
Etykiety: Dodaj etykietę
Nie ma etykietki, Dołącz pierwszą etykiete!
Thư viện lưu trữ: Trung tâm Thư viện - Trường Đại học Công nghiệp TP. Hồ Chí Minh
LEADER 00524nam a2200157Ia 4500
001 UIH_06731
008 231011s9999 xx 000 0 und d
082 |a  001.42 
100 |a  Nguyễn, Văn Tuấn 
245 0 |a  Đi vào nghiên cứu khoa học 
245 0 |c  Nguyễn, Văn Tuấn 
260 |b  Tổng hợp TP. Hồ Chí Minh 
260 |c  2019 
650 |a  Nghiên cứu;  
927 |a Sách 
980 |a Trung tâm Thư viện - Trường Đại học Công nghiệp TP. Hồ Chí Minh